000 00347nam a2200145Ia 4500
008 230917s9999||||xx |||||||||||||| ||und||
040 _e37305
_aMAIN
041 _aEnglish
082 _a954.01 A14R
100 _aAwasthi, A B L
245 0 _aRajput poltics
260 _aLucknow
_bKailash Prakashan
_c1964
300 _axiv, 95 p.
942 _cBK
999 _c170399
_d170399